Countries from 'D' by Cuisine - Statistics

General Stats
  • This quiz has been taken 15 times
  • The average score is 5 of 5
Answer Stats
Picture Answer % Correct
Denmark
100%
Dominican Republic
100%
Djibouti
92%
Dominica
92%
Democratic Republic of the Congo
77%
No matching quizzes found
Score Distribution
Percent of People with Each Score
Percentile by Number Answered
Your Score History
You have not taken this quiz